Evénements du 4 mars - Statistiques

Statistiques générales
  • Ce quiz a été pris 24 fois
  • Le résultat moyen est 8 sur 15
Statistiques - réponses
Hint Réponse % Correct
Woodrow Wilson devient président des Etats-Unis 1913
67%
1ère projection de Nosferatu le vampire de Murnau 1922
67%
Dissolution du Front Islamique du Salut en Algérie 1992
67%
Frédéric Barberousse devient empereur romain germanique 1152
62%
1ère session du congrès américain 1789
62%
John Adams devient président des Etats-Unis 1797
62%
Le sous-marin Eurydice coule au large de Saint-Tropez 1970
62%
Naissance de Blanche de Castille 1188
48%
Naissance d'Antonio Vivaldi 1678
48%
Ulysse Grant devient président des Etats-Unis 1869
48%
Edouard IV devient roi d'Angleterre 1461
43%
Le Vermont rejoint les Etats-Unis 1791
43%
Abolition du commerce d'esclaves en France 1831
38%
Création du lac des cygnes de Tchaïkovsky 1877
38%
Naissance de Méhémet Ali, vice-roi d'Egypte 1769
19%
Aucun quiz correspondant
Distribution des résultats
% des personnes avec chaque résultat
Percentile par nombre de réponses
Votre historique - résultats
Vous n’avez pas pris ce quiz